000 00654nam a2200193 i 4500
001 79905
003 ES-MaACL
005 20250907063051.0
007 t|
008 041025s1970 sp ||||1| spa d
100 1 _aHesnard, Angelo-Louis-Marie,
_d1886-1969
_9144386
245 1 0 _aSexología normal y patológica /
_cA. Hesnard ; prefacio del Dr. Toulouse ; [versión, Joaquín Encuentra].
260 _aBarcelona :
_bCaralt,
_c[1970]
300 _a384 p. :
_bil. ;
_c22 cm.
700 1 _aToulouse, Édouard (
_d1865-1947)
_9111130
700 1 _aEncuentra, Joaquín.
_947195
852 _aES-MaACL
_jC-44737
_bR.75032
999 _c79905
_d79905